| 000 | 00379nam a22001457a 4500 | ||
|---|---|---|---|
| 003 | NUST | ||
| 005 | 20230221105929.0 | ||
| 082 | _a297,BAL | ||
| 100 |
_aBaloch, Naeem Ahmad _9109281 |
||
| 245 |
_aBadash ka Darbar Ma / _cNaeem Ahmad Baloch |
||
| 260 |
_a Daar-us-Salam, _b Lahore _c2000 |
||
| 300 | _a32 p | ||
| 650 |
_a Qasi Syeden Younas (A.S) Part.2 _9109302 |
||
| 942 |
_2ddc _cBK |
||
| 999 |
_c593385 _d593385 |
||